| 000 | 00780nam a2200217 a 4500 | ||
|---|---|---|---|
| 001 | 000014238 | ||
| 003 | OSt | ||
| 005 | 20250707112615.0 | ||
| 008 | 091208s1998 dr ac 001 0 spa d | ||
| 040 |
_aDO-SdBNP _bspa _cBNPHU |
||
| 049 | _aBNPD | ||
| 082 |
_a338.9 _bR696i |
||
| 100 | 1 |
_aRodríguez, Emiliano _932154 |
|
| 245 | 1 | 0 |
_aInfraestructuras : _bdesarrollo y conclusiones del programa integrado de salud en el suroeste (PRISA) 1984 - 1998 / _cEmiliano Rodríguez. |
| 260 |
_aSanto Domingo : _bSESPAS, _c1998. _fBúho |
||
| 300 |
_a75 p. : _bil., retrs. ; _c28 cm. |
||
| 650 | 0 |
_aDesarrollo económico _985548 |
|
| 650 | 0 |
_aEconomia _985383 |
|
| 710 | 1 |
_aRepública Dominicana. _b Secretaria de Estado de Salud Pública y Asistencia Social (2001) _956549 |
|
| 942 |
_2ddc _cLBS1 |
||
| 999 |
_c13837 _d13837 |
||